| 000 | 00627nam a22001937a 4500 | ||
|---|---|---|---|
| 005 | 20240905122420.0 | ||
| 010 | _aENG-141655 | ||
| 020 |
_a9788178245140 _c695.00 |
||
| 035 | _aEN-125187 | ||
| 037 | _bDBAD | ||
| 082 |
_a342.540662 _21 |
||
| 100 |
_aJauregui, Beatrice _971127 |
||
| 245 |
_aProvisional Authority: _bPolice, Order and Security in India/ _cBy Beatrice Jauregui |
||
| 250 | _a1 | ||
| 260 |
_aRanikhet _bPermanent Black _c2017 |
||
| 270 |
_a'Himalyana' , Mall Road, Ranikhet Cantt _bRanikhet _e263645 _mperblack@gmail.com |
||
| 300 |
_a205p. _c22cm.(hb) |
||
| 942 |
_2ddc _cEN _h342.540662 _mJAU _e1 |
||
| 999 |
_c205585 _d205585 |
||